000 00646nam a22002177a 4500
001 BD-DhSAU 282
003 BD-DhSAU
005 20141003150129.0
008 141003b bg a|a|| |||| 001 0 eng d
020 _a984320056x
040 _cBD- DhSAU
082 _222
_a630.0725492/ BAN
110 _aBARC
245 _aAgricultural research in Bangladesh in the 20th centure:
_bCropes foresttry livestock fisheries/
_cBARC
260 _aDhaka:
_bBARC;
_c2001.
300 _axvi, 528 p. :
_bill. ;
_c26 cm.
650 _aAgricultural research
_z Bangladesh
700 _aMian, M. A. Wadud
700 _aManoruzzaman, F. M.
700 _aSattar M. A.
942 _2ddc
_cBOOK
999 _c282
_d282